| Tag |
First Indicator |
Second Indicator |
Subfields |
| LEADER |
00000pam a2200000 a 4500 |
| 001 |
in00000087717 |
| 005 |
20151008062952.0 |
| 008 |
800805s1981 nhuabf 00010bengm |
| 010 |
|
|
|a 80021127
|
| 020 |
|
|
|a 0936988002
|
| 020 |
|
|
|a 0936988029 (pbk.) :
|c $9.95
|
| 035 |
|
|
|a (OCoLC)06649440
|
| 035 |
|
|
|9 AAK1306AM
|
| 040 |
|
|
|a DLC
|c DLC
|d m.c.
|d TXA
|d UtOrBLW
|
| 043 |
|
|
|a a-tu---
|
| 049 |
|
|
|a TXAM
|c [1805991]
|
| 050 |
0 |
0 |
|a DR592 K4
|b W34
|
| 082 |
0 |
|
|a 956.1/024/0924
|a B
|a 92
|2 19
|
| 100 |
1 |
|
|a Walker, Barbara K.
|
| 245 |
1 |
0 |
|a To set them free :
|b the early years of Mustafa Kemal Ataturk /
|c Barbara K. Walker, Filiz Erol, Mine Erol.
|
| 264 |
|
1 |
|a Grantham, N.H. :
|b Tompson & Rutter,
|c 1981.
|
| 300 |
|
|
|a 96 pages, 16 unnumbered pages of plates :
|b illustrations, map ;
|c 23 cm.
|
| 336 |
|
|
|a text
|b txt
|2 rdacontent
|
| 337 |
|
|
|a unmediated
|b n
|2 rdamedia
|
| 338 |
|
|
|a volume
|b nc
|2 rdacarrier
|
| 520 |
|
|
|a A biography of the first President of the Turkish Republic which emphasizes his childhood and early military career.
|
| 600 |
1 |
0 |
|a Atatürk, Kemal,
|d 1881-1938.
|
| 600 |
1 |
1 |
|a Ataturk, Kemal,
|d 1881-1938.
|
| 651 |
|
0 |
|a Turkey
|x Presidents
|x Biography.
|
| 651 |
|
1 |
|a Turkey
|x Presidents.
|
| 700 |
1 |
|
|a Erol, Filiz.
|
| 700 |
1 |
|
|a Erol, Mine.
|
| 999 |
|
|
|a MARS
|
| 999 |
f |
f |
|s f7c47f30-b73e-3e9a-ad55-ae6895d2200b
|i e318e882-379a-3df7-90ee-be9a776651fe
|t 0
|
| 952 |
f |
f |
|p ric
|a Texas A&M University
|b Rellis Campus
|c Joint Library Facility
|d Remote Storage
|t 0
|e DR592.K4 W34
|h Library of Congress classification
|i unmediated -- volume
|m A14805979073
|
| 998 |
f |
f |
|a DR592.K4 W34
|t 0
|l Remote Storage
|